000 00459nam a2200181Ia 4500
001 19157
005 20260306171723.0
008 260306s9999||||xx |||||||||||||| ||und||
041 _aESP
082 _a658.8
_bM95C
100 _aMunuera Alemán, José Luis
_eAUT
245 0 _aCasos de marketing estratégico en las organizaciones
260 _c2009
300 _a286 páginas :
_c24 cm.
650 _aGEN
654 _aCAN
942 _cLIB
_dJUS
_fJUS
_2ddc
_n
999 _c19157
_d19157